| 000 | 00593nam a2200193Ia 4500 | ||
|---|---|---|---|
| 003 | IEPS | ||
| 005 | 20250703135326.0 | ||
| 008 | 250223s9999||||xx |||||||||||||| ||und|| | ||
| 020 | _a9789957761653 | ||
| 040 | _CIEPS | ||
| 041 | _aara | ||
| 082 | _a796.048 | ||
| 100 | _aإبراهيم مروان عبد المجيد | ||
| 245 | 0 | _aالتربية الرياضية لذوي الاعاقة الخاصة | |
| 260 |
_aعمان _bالرضوان للنشر و التوزيع _c2014 |
||
| 300 |
_a576 ص. _bجداول _c24 سم. |
||
| 653 | _aالإحتياجات الخاصة | ||
| 942 | _cكتاب | ||
| 999 |
_c13614 _d13614 |
||